[Event "EU-ch U16 28th"]
[Site "Riga"]
[Date "2018.08.21"]
[Round "2"]
[White "Connolly Sams, Lukah"]
[Black "Melaugh, Gavin"]
[Result "1-0"]
[WhiteElo "1723"]
[BlackElo "2029"]
[PlyCount "57"]
[EventDate "2018.08.20"]
[EventType "swiss"]
[EventRounds "9"]
[EventCountry "LAT"]
[SourceTitle "CBM 186 Extra"]
[Source "ChessBase"]
[SourceDate "2018.08.24"]
[SourceVersion "1"]
[SourceVersionDate "2018.08.24"]
[SourceQuality "1"]

1. d4 Nf6 2. Nf3 g6 3. Nc3 d5 4. Bf4 Bg7 5. e3 0-0 6. Be2 Nh5 7. Bg5 h6 8. Bh4 g5 9. g4 Nf6 10. Bg3 Bxg4 11. h4 Bxf3 12. Bxf3 e6 13. hxg5 hxg5 14. Qd3 c5 15. dxc5 Na6 16. Bd6 Nb4 17. Qe2 Re8 18. a3 Na6 19. e4 d4 20. e5 dxc3 21. b4 Nd5 22. Qd3 Ne7 23. Qh7+ Kf8 24. 0-0-0 Nxb4 25. Rdg1 Qa5 26. Rxg5 Nd3+ 27. Kd1 Nxf2+ 28. Ke1 Nd3+ 29. Kf1 1-0

[Event "SCO-ch 125th"]
[Site "Paisley"]
[Date "2018.07.08"]
[Round "2"]
[White "Lim, Zhuo Ren"]
[Black "Connolly Sams, Lukah"]
[Result "1-0"]
[WhiteElo "2165"]
[BlackElo "1744"]
[PlyCount "55"]
[EventDate "2018.07.07"]
[EventType "swiss"]
[EventRounds "9"]
[EventCountry "SCO"]
[SourceTitle "CBM 185 Extra"]
[Source "ChessBase"]
[SourceDate "2018.07.29"]
[SourceVersion "1"]
[SourceVersionDate "2018.07.29"]
[SourceQuality "1"]

1. d4 d5 2. c4 e6 3. Nf3 Nf6 4. g3 dxc4 5. Bg2 Bb4+ 6. Bd2 a5 7. Qc2 Bxd2+ 8. Nbxd2 b5 9. 0-0 Bb7 10. a4 c6 11. Ne4 0-0 12. Nxf6+ Qxf6 13. Ne5 Qe7 14. Qc3 Qc7 15. b3 cxb3 16. axb5 a4 17. bxc6 Bc8 18. Ra3 f6 19. Nd3 Ra5 20. Rfa1 Qa7 21. Nb2 Rh5 22. Rxa4 Qc7 23. Qxb3 Kh8 24. Ra7 Qd6 25. Nc4 Qxd4 26. e3 Qg4 27. h3 Qe2 28. R7a2 1-0

[Event "SCO-ch 124th"]
[Site "Dundee"]
[Date "2017.07.21"]
[Round "7"]
[White "Connolly Sams, Lukah"]
[Black "Svensson, Lars Ake"]
[Result "1-0"]
[WhiteElo "1729"]
[BlackElo "1937"]
[PlyCount "73"]
[EventDate "2017.07.15"]
[EventType "swiss"]
[EventRounds "9"]
[EventCountry "SCO"]
[SourceTitle "CBM 179 Extra"]
[Source "ChessBase"]
[SourceDate "2017.08.23"]
[SourceVersion "1"]
[SourceVersionDate "2017.08.23"]
[SourceQuality "1"]

1. d4 f5 2. Bg5 Nf6 3. Bxf6 exf6 4. e3 c6 5. c4 d6 6. Nc3 Na6 7. Nge2 Nc7 8. Nf4 g6 9. Bd3 Ne6 10. Nxe6 Bxe6 11. d5 Bf7 12. 0-0 Be7 13. Qe2 0-0 14. Rac1 Re8 15. Rfd1 Bf8 16. Qf3 Qd7 17. a3 Be7 18. dxc6 bxc6 19. b4 a6 20. Bf1 Red8 21. Rd2 Qc7 22. Rcd1 Rd7 23. b5 axb5 24. Nxb5 Qb6 25. Nxd6 Rxa3 26. Nxf7 Rxd2 27. Nh6+ Kg7 28. Nxf5+ gxf5 29. Rxd2 Ra1 30. Qxf5 Qb4 31. Qg4+ Kf8 32. Rd1 Ra2 33. Qc8+ Kf7 34. Qxc6 Qb2 35. Qf3 Bb4 36. c5 Qc2 37. Qb7+ 1-0

[Event "SCO-ch 124th"]
[Site "Dundee"]
[Date "2017.07.15"]
[Round "1"]
[White "Britton, Richard"]
[Black "Connolly Sams, Lukah"]
[Result "1-0"]
[WhiteElo "2185"]
[BlackElo "1729"]
[PlyCount "51"]
[EventDate "2017.07.15"]
[EventType "swiss"]
[EventRounds "9"]
[EventCountry "SCO"]
[SourceTitle "CBM 179 Extra"]
[Source "ChessBase"]
[SourceDate "2017.08.23"]
[SourceVersion "1"]
[SourceVersionDate "2017.08.23"]
[SourceQuality "1"]

1. e4 e6 2. d3 d5 3. Nd2 Nf6 4. Ngf3 c5 5. g3 Nc6 6. Bg2 Qc7 7. 0-0 b5 8. Re1 a5 9. exd5 Nxd5 10. c4 bxc4 11. dxc4 Nb6 12. b3 Be7 13. Bb2 0-0 14. Ne5 Bb7 15. Qg4 f5 16. Qe2 Nd8 17. Bxb7 Qxb7 18. Nd3 Rc8 19. Nf4 Rc6 20. Nf3 Nd7 21. Ne5 Nxe5 22. Bxe5 Ra6 23. Rad1 a4 24. Rd3 Bg5 25. Red1 Bxf4 26. Rd7 1-0

[Event "Dundee & Angus op"]
[Site "Dundee"]
[Date "2016.10.08"]
[Round "2"]
[White "Kosznik, Dariusz"]
[Black "Connolly Sams, Lukah"]
[Result "1-0"]
[WhiteElo "1718"]
[BlackElo "1476"]
[PlyCount "65"]
[EventDate "2016.10.07"]
[EventType "swiss"]
[EventRounds "5"]
[EventCountry "SCO"]
[SourceTitle "EXT 2023"]
[Source "ChessBase"]
[SourceDate "2022.10.05"]
[SourceVersion "1"]
[SourceVersionDate "2022.10.05"]
[SourceQuality "1"]

1. d4 d5 2. Nf3 Nf6 3. Bf4 e6 4. e3 c5 5. c3 Nc6 6. Bd3 Be7 7. Nbd2 Nh5 8. Bg3 Nxg3 9. hxg3 h6 10. Ne5 cxd4 11. exd4 Nxe5 12. dxe5 Bd7 13. Qg4 g5 14. f4 Qb6 15. 0-0-0 d4 16. c4 a5 17. Ne4 a4 18. Rd2 a3 19. b3 Qb4 20. Rc2 Rc8 21. Qe2 b5 22. cxb5 Rxc2+ 23. Kxc2 Qa5 24. Kb1 Bc8 25. Rc1 Bb7 26. Qc2 0-0 27. Nf6+ Bxf6 28. exf6 Qd8 29. fxg5 hxg5 30. Bh7+ Kh8 31. Rh1 Bxg2 32. Bg8+ Bxh1 33. Qh7# 1-0

[Event "Dundee & Angus op"]
[Site "Dundee"]
[Date "2016.10.07"]
[Round "1"]
[White "Connolly Sams, Lukah"]
[Black "Robinson, Stephen"]
[Result "0-1"]
[WhiteElo "1476"]
[BlackElo "1866"]
[PlyCount "66"]
[EventDate "2016.10.07"]
[EventType "swiss"]
[EventRounds "5"]
[EventCountry "SCO"]
[SourceTitle "EXT 2023"]
[Source "ChessBase"]
[SourceDate "2022.10.05"]
[SourceVersion "1"]
[SourceVersionDate "2022.10.05"]
[SourceQuality "1"]

1. d4 e6 2. Nf3 f5 3. c4 Nf6 4. Nc3 Bb4 5. Bd2 b6 6. g3 Bb7 7. Bg2 0-0 8. 0-0 c5 9. dxc5 Bxc5 10. a3 Ne4 11. Nxe4 fxe4 12. Bg5 exf3 13. Bxf3 Qc8 14. Bxb7 Qxb7 15. b4 Rf5 16. bxc5 Rxg5 17. cxb6 axb6 18. f4 Rc5 19. e3 Rxc4 20. Qh5 Nc6 21. Rad1 Ne7 22. g4 Nd5 23. Rde1 Rc2 24. e4 Nc3 25. f5 Rf8 26. fxe6 Rxf1+ 27. Kxf1 g6 28. e7 Qc8 29. Qg5 Kf7 30. e5 Qc4+ 31. Kg1 Qd4+ 32. Kh1 Qe4+ 33. Kg1 Qg2# 0-1

[Event "SCO-ch 123rd"]
[Site "Glasgow"]
[Date "2016.07.14"]
[Round "6"]
[White "Aird, Ian"]
[Black "Connolly Sams, Lukah"]
[Result "0-1"]
[WhiteElo "1900"]
[BlackElo "1498"]
[PlyCount "38"]
[EventDate "2016.07.09"]
[EventType "swiss"]
[EventRounds "9"]
[EventCountry "SCO"]
[SourceTitle "CBM 173 Extra"]
[Source "ChessBase"]
[SourceDate "2016.08.29"]
[SourceVersion "1"]
[SourceVersionDate "2016.08.29"]
[SourceQuality "1"]

1. e4 e6 2. d4 d5 3. exd5 exd5 4. c4 Nf6 5. Nc3 Be7 6. Nf3 0-0 7. cxd5 Re8 8. Be2 Nxd5 9. 0-0 b6 10. Re1 Bb7 11. Bc4 Nb4 12. Ne5 Rf8 13. Qb3 N8c6 14. Nxf7 Qxd4 15. Be3 Qh4 16. g3 Qh5 17. Nh6+ Kh8 18. Be2 Qg6 19. Ng4 Nc2 0-1

[Event "Perth op"]
[Site "Perth"]
[Date "2016.02.20"]
[Round "3.2"]
[White "Connolly Sams, Lukah"]
[Black "Smith, Stephen H"]
[Result "0-1"]
[WhiteElo "1552"]
[BlackElo "1801"]
[PlyCount "78"]
[EventDate "2016.02.19"]
[EventType "swiss"]
[EventRounds "5"]
[EventCountry "SCO"]
[SourceTitle "EXT 2023"]
[Source "ChessBase"]
[SourceDate "2022.10.05"]
[SourceVersion "1"]
[SourceVersionDate "2022.10.05"]
[SourceQuality "1"]

1. d4 Nf6 2. Nf3 b6 3. c4 e6 4. Nc3 Bb4 5. Qc2 Bb7 6. a3 Bxc3+ 7. Qxc3 0-0 8. Bf4 d6 9. Qd3 Nbd7 10. h3 Re8 11. Rd1 Qe7 12. Bg3 e5 13. dxe5 dxe5 14. Qf5 h6 15. Bh4 Be4 16. Qxe4 Nxe4 17. Bxe7 Rxe7 18. g4 Nec5 19. Bg2 Rae8 20. b4 Ne6 21. 0-0 Nf4 22. e3 Nxg2 23. Kxg2 c5 24. Rd6 cxb4 25. axb4 Rc8 26. Rc1 f6 27. Nh4 Nf8 28. Nf5 Rec7 29. Rdd1 Kh7 30. Nd6 Rd8 31. e4 Ne6 32. f3 Nf4+ 33. Kh2 Ne2 34. Rc2 Nd4 35. Nb5 Nxf3+ 36. Kg2 Rxd1 37. Nxc7 Ne1+ 38. Kf2 Nxc2 39. b5 Rd4 0-1

[Event "Perth op"]
[Site "Perth"]
[Date "2016.02.20"]
[Round "2.2"]
[White "Robertson, Jim"]
[Black "Connolly Sams, Lukah"]
[Result "1/2-1/2"]
[WhiteElo "1652"]
[BlackElo "1552"]
[PlyCount "69"]
[EventDate "2016.02.19"]
[EventType "swiss"]
[EventRounds "5"]
[EventCountry "SCO"]
[SourceTitle "EXT 2023"]
[Source "ChessBase"]
[SourceDate "2022.10.05"]
[SourceVersion "1"]
[SourceVersionDate "2022.10.05"]
[SourceQuality "1"]

1. d4 d5 2. e3 Nf6 3. Bd3 c5 4. c3 Nc6 5. f4 Bg4 6. Nf3 c4 7. Bc2 e6 8. 0-0 Bd6 9. Qe1 Qc7 10. Nbd2 a6 11. Ne5 Ne7 12. Nxg4 Nxg4 13. Nf3 0-0 14. Qh4 Nf6 15. Qh3 h6 16. Nh4 b5 17. a3 a5 18. Bd2 Rfb8 19. Rae1 b4 20. e4 dxe4 21. Bxe4 Nxe4 22. Rxe4 bxa3 23. bxa3 Bxa3 24. f5 Qb7 25. Rg4 Nxf5 26. Nxf5 exf5 27. Rxg7+ Kxg7 28. Bxh6+ Kf6 29. Qxf5+ Ke7 30. Qxf7+ Kd8 31. Qg8+ Kd7 32. Rf7+ Be7 33. Qg4+ Ke8 34. Qg8+ Kd7 35. Qg4+ 1/2-1/2

[Event "Dundee & Angus Major"]
[Site "Dundee"]
[Date "2015.10.10"]
[Round "3"]
[White "MacDonald, Paul H"]
[Black "Connolly Sams, Lukah"]
[Result "1/2-1/2"]
[WhiteElo "1540"]
[BlackElo "1395"]
[PlyCount "68"]
[EventDate "2015.10.09"]
[EventType "swiss"]
[EventRounds "5"]
[EventCountry "SCO"]
[SourceTitle "EXT 2023"]
[Source "ChessBase"]
[SourceDate "2022.10.05"]
[SourceVersion "1"]
[SourceVersionDate "2022.10.05"]
[SourceQuality "1"]

1. Nf3 d5 2. d4 Nf6 3. c4 c6 4. Nc3 Bf5 5. Qb3 Qb6 6. Qxb6 axb6 7. cxd5 cxd5 8. e3 e6 9. Bb5+ Nc6 10. 0-0 Bd6 11. Bd2 0-0 12. Rac1 Rfc8 13. Nh4 Bg6 14. Nxg6 hxg6 15. f3 Kf8 16. Na4 Bc7 17. a3 Ke7 18. Be1 Kd7 19. Bg3 Ra5 20. Bxc7 Kxc7 21. Nc3 Nh5 22. g4 Nf6 23. Kg2 Kd7 24. Bd3 Rh8 25. Ne2 Raa8 26. Ng3 Rh4 27. Rh1 Rah8 28. Bb5 Kd6 29. Rc2 g5 30. Bd3 g6 31. Ne2 Rh3 32. Ng3 R3h4 33. Ne2 Rh3 34. Ng3 R3h4 1/2-1/2

[Event "Dundee & Angus op Minor"]
[Site "Dundee"]
[Date "2014.10.12"]
[Round "4"]
[White "Smith, Mark"]
[Black "Connolly Sams, Lukah"]
[Result "1/2-1/2"]
[WhiteElo "1127"]
[BlackElo "924"]
[PlyCount "93"]
[EventDate "2014.10.10"]
[EventType "swiss"]
[EventRounds "5"]
[EventCountry "SCO"]
[SourceTitle "EXT 2017"]
[Source "ChessBase"]
[SourceDate "2016.10.25"]
[SourceVersion "1"]
[SourceVersionDate "2016.10.25"]
[SourceQuality "1"]

1. e4 e6 2. d4 d5 3. Nc3 c5 4. e5 Nc6 5. Bb5 Nge7 6. f4 Qb6 7. dxc5 Qxc5 8. Nf3 a6 9. Bd3 Nb4 10. Na4 Qa5 11. Nc3 Nxd3+ 12. cxd3 Nc6 13. d4 Bb4 14. Qd3 Bd7 15. 0-0 Qb6 16. Na4 Qa7 17. a3 Be7 18. Nc3 f6 19. Be3 Rc8 20. b4 f5 21. Rfc1 0-0 22. Bd2 Be8 23. Ne2 Bh5 24. Bc3 Bxf3 25. Qxf3 Nb8 26. a4 Rc4 27. b5 Rfc8 28. Bd2 Rxc1+ 29. Rxc1 Rxc1+ 30. Bxc1 axb5 31. axb5 Qa1 32. Qc3 Qxc3 33. Nxc3 Kf7 34. Na4 Nd7 35. g3 Kg6 36. Kf2 Kh5 37. h3 h6 38. Kf3 g5 39. fxg5 hxg5 40. Bd2 g4+ 41. hxg4+ fxg4+ 42. Ke3 Bg5+ 43. Ke2 Bxd2 44. Kxd2 b6 45. Ke3 Kg5 46. Ke2 Kf5 47. Ke3 1/2-1/2